=LDR 00000nam 2200000 4500 =001 INLIS000000000023581 =005 20130612122231 =008 ***********************************Ind** =035 ##$$0010-061300000023581 =041 ##$$a Ind =090 ##$$a 657, Sum a =100 ##$$a Soemarso S.R =245 ##$$a Revisia kuntansi, Suatu pengantar, Soemarso S.R =260 ##$$a 2004 $b Jakarta =300 ##$$a 450 hlm, 24 cm =650 ##$$a Akuntansi =850 ##$$a NBPNMAT